000 00667nam a2200241Ia 4500
003 OSt
005 20220925191110.0
006 a|||||r|||| 00| 0
007 ta
008 220923b |||||||| |||| 00| 0 eng d
037 _cGeneral Book
040 _aRTL
_cRTL
_beng
041 _2eng
_aeng
082 _aX428.231r. N83, M3
110 _aBombay port trust.
_9240653
245 0 _aAdministration report 1983-84.
260 _aBombay
_bBombay paor trust.
_c1983
300 _a44p.
_ccm.
500 _aAppendices 82p.
700 _aBombay port trust.
_9240654
942 _hX428.231r. N83, M3
_cGB
_2CC
999 _c517215
_d517215